Estadísticas para Países cercanos al Mar Egeo

Haz click aquí para intentar la prueba.

Estadísticas generales

  • Esta prueba ha sido intentada 1.274 veces
  • La puntuación promedio es 18 de 20

Estadísticas de respuestas

kmPaísmillas% Correcto
0Grecia0
99%
0Turquía0
98%
131Albania81
95%
30Bulgaria19
94%
396Chipre246
94%
403Croacia250
94%
343Italia213
94%
57Macedonia del Norte36
94%
191Serbia119
94%
386Egipto240
93%
293Rumania182
92%
411Bosnia y Herzegovina255
91%
312Montenegro194
91%
209Kosovo130
90%
289Libia180
87%
535Ucrania332
85%
547Moldavia340
84%
637Hungría396
80%
681Siria423
79%
699Rusia434
77%

Distribución de puntuación

Porcentaje por número respondido

Porcentaje de gente con cada puntuación

Historial de tus puntuaciones

No has intentado esta prueba.